• 首页
  • 本馆介绍
  • 公告通知
  • 最新文献
  • 馆藏检索
  • 电子资源
  • 读者导购
  • 参考咨询
  • 我的图书馆
  • 登录
  • 详细信息显示
  • 放入我的书架
  • 预约/预借图书
  • 作者相关作品
  • 分类相关作品
  • 丛书相关作品
  • 出版社相关作品

书目信息

  • 表格格式
  • 工作单格式
  • 卡片格式
题名:
教师要学一点心理学
    
 
作者: 关树文 著
分册:  
出版信息: 呼和浩特   内蒙古人民出版社  1982
页数: 158页
开本: 19cm
丛书名:
单 册:
中图分类: G44 , B84
科图分类:
主题词: 心理学
电子资源:
ISBN:
000 00588nam0 2200229 45
001 1258583724
005 20120928161759.29
010    @dCNY0.48
091    @aCN@b2089.02
100    @a19960215d1982 em y0chiy0121 ea
101 0  @achi
102    @aCN@b150000
105    @ay z 000yy
200 10 @a教师要学一点心理学@Ajiao shi yao xue yi dian xin li xue@f关树文著
210    @a呼和浩特@c内蒙古人民出版社@d1982
215    @a158页@d19cm
606 0  @a心理学
690    @aG44@v3
690    @aB84@v4
701  0 @a关树文@Aguan shu wen@4著
801  0 @aCN@bTSSF
905    @a10447@dB84@eJY47
    
    教师要学一点心理学/关树文著.-呼和浩特:内蒙古人民出版社,1982
    158页;19cm
    
    
    ISBN :CNY0.48
    
●
相关链接 在E读中查询图书 在五车中查询图书 在当当中查询图书 在豆瓣中查询图书


正题名:教师要学一点心理学     索取号:B84/JY47         预约/预借

序号 登录号 条形码 馆藏地/架位号 状态 备注
1 7830193   278301936   学院路分馆/ [索取号:B84/JY47] 在馆    
2 7830194   278301945   学院路分馆/ [索取号:B84/JY47] 在馆    
唐山师范学院图书馆 欢迎您!
大连网信软件有限公司© 版权所有